Decision making and problem solving strategies : creating success (Record no. 190649)

MARC details
000 -LEADER
fixed length control field 00465nam a2200157Ia 4500
005 - DATE AND TIME OF LATEST TRANSACTION
control field 20250516134135.0
008 - FIXED-LENGTH DATA ELEMENTS--GENERAL INFORMATION
fixed length control field 231217s9999 xx 000 0 und d
020 ## - INTERNATIONAL STANDARD BOOK NUMBER
International Standard Book Number 9780749455514
082 ## - DEWEY DECIMAL CLASSIFICATION NUMBER
Classification number 658.403 ADA;1 R
100 ## - MAIN ENTRY--PERSONAL NAME
Personal name Adair, John.
245 #0 - TITLE STATEMENT
Title Decision making and problem solving strategies : creating success
260 ## - PUBLICATION, DISTRIBUTION, ETC. (IMPRINT)
Date of publication, distribution, etc. 2010
Name of publisher, distributor, etc. Kogan Page
Place of publication, distribution, etc. London
300 ## - PHYSICAL DESCRIPTION
Extent vi, 94
650 ## - SUBJECT ADDED ENTRY--TOPICAL TERM
Topical term or geographic name as entry element Decision,making,solving,strategies,creating,success
942 ## - ADDED ENTRY ELEMENTS (KOHA)
Koha item type Books
Holdings
Date last seen Total Checkouts Full call number Accession number Old discount Cost, replacement price Price effective from Category Lost status Damaged status Department Withdrawn status bill no. bill date Permanent Location Current Location Shelving location Entry date Vendor Cost, normal purchase price Grants Currency symbol Conversion rate Discount Discount type
26/01/2024   658.403 ADA;1 R 76187 20 128.00 26/01/2024 Books     Central Library   SIPHO/2010/CRB/466 05/03/2015 Central Library Central Library Central Library 30/12/2010 Surya Infotainment Products Pvt. Ltd. 160.00 MBA RS 1 32 Rupees

© For any Suggestions or Query, please contact the library staff @ librarian@pes.edu or Phone: +9180 2672 1983/ 2108.